Civil engineering handbook.

Bibliographic Details
Main Author: Urquhart, Leonard Church, 1886-
Format: Book
Language:English
Published: New York : McGraw-Hill, 1959.
Edition:4th ed.
Series:McGraw-Hill handbooks
Subjects:

MARC

Tag First Indicator Second Indicator Subfields
LEADER 00000cam a22000001 4500
001 in00000095820
005 20150925085730.0
008 730220s1959 nyua b 00000 eng
010 |a  58011195  
035 |a (OCoLC)00568464 
035 |9 AAL2043AM 
040 |a DLC  |c DLC  |d TXA  |d UtOrBLW 
049 |a TXAM  |c [343385] 
050 0 0 |a TA145  |b .U7 1959 
082 0 |a 624 
100 1 |a Urquhart, Leonard Church,  |d 1886- 
245 1 0 |a Civil engineering handbook. 
250 |a 4th ed. 
264 1 |a New York :  |b McGraw-Hill,  |c 1959. 
300 |a 1 volume (various pagings) :  |b illustrations ;  |c 24 cm. 
336 |a text  |b txt  |2 rdacontent 
337 |a unmediated  |b n  |2 rdamedia 
338 |a volume  |b nc  |2 rdacarrier 
490 0 |a McGraw-Hill handbooks 
504 |a Includes bibliographies. 
650 0 |a Civil engineering. 
999 |a MARS 
999 f f |s 1e2026e9-26eb-3349-a97a-de7bc22c1e7f  |i 2dec753c-e7d0-312a-93b9-aac8870222e3  |t 0 
952 f f |p normal  |a Texas A&M University  |b College Station  |c Sterling C. Evans Library  |d Evans: Library Stacks  |t 0  |e TA145 .U7 1959  |h Library of Congress classification  |i unmediated -- volume  |m A14805291378 
998 f f |a TA145 .U7 1959  |t 0  |l Evans: Library Stacks